| 000 | 01116nam a2200253Ia 4500 | ||
|---|---|---|---|
| 003 | PE SENCICO BE | ||
| 005 | 20251020182433.0 | ||
| 008 | 200515s9999 xx 000 0 und d | ||
| 020 | _a84-244-0202-2 | ||
| 040 |
_aPE SENCICO BE _cPE SENCICO BE |
||
| 041 | _aspa | ||
| 082 |
_a153.15 _bB74 1973 |
||
| 100 | 1 |
_aBorger, Robert _92682 _eautor |
|
| 245 | 1 | 0 |
_aPsicología del aprendizaje / _cRobert Borger, A. E. M. Seaborne |
| 250 | _a2a ed. | ||
| 260 |
_aBarcelona : _bFontanella ; _c1973 |
||
| 300 |
_a226 p. : _bil. ; _c23 cm. |
||
| 490 |
_aConducta humana ; _v6 |
||
| 505 | 0 | _aUn análisis de situaciones simples de aprendizaje -- Refuerzo y motivación -- Teorías del aprendizaje -- El desarrollo de la capacidad de aprendizaje -- Conducta y organización perceptiva -- Habilidad -- La retención del material aprendido -- Los conceptos y el uso del lenguaje -- Las teorías del aprendizaje y la conducta anormal -- Aprendizaje programado -- Aprendizaje y educación | |
| 650 | 1 | 0 |
_aPsicología de la educación _92680 |
| 650 | 2 | 0 |
_aMotivación _9933 |
| 650 | 2 | 0 |
_aAprendizaje _92282 |
| 942 |
_cLIB _2ddc |
||
| 999 |
_c318 _d318 |
||